000 00745nam a2200121Ia 4500
008 220615s9999||||xx |||||||||||||| ||und||
100 _aMichael Christoph Thrun
245 0 _aProjection-Based Clustering through Self-Organization and Swarm Intelligence: Combining Cluster Analysis with the Visualization of High-Dimensional Data
546 _aEnglish[eng]
650 _aVisualization||Knowledge Discovery||Swarm Intelligence||Unsupervised Machine Learning||Data Science||Game Theory||3D Printing||Dimensionality Reduction||Multivariate Data||Analysis of Structured Data||Self-Organization||Emergence||Advanced Analytics||High-Dimensional Data||Cluster Analysis
856 _uhttps://link.springer.com/book/10.1007/978-3-658-20540-9
942 _cEB
999 _c16139
_d16139